Kawhi Leonard Fan Test - Statistics

General Stats
  • This quiz has been taken 4 times
    3 since last reset
  • The average score is 25 of 105
Answer Stats
Hint Answer % Correct
With which pick was he drafted? 15
100%
What year was Kawhi born? 1991
100%
For how many years was he playing in college? 2
100%
Since which year was he playing in college? 2009
100%
Draft he was in? 2011
100%
He was drafted by who? Indiana Pacers
100%
How many rebounds was he averaging in college in his first year? 10
67%
How many rebounds was he averaging in college in his second year? 11
67%
How many points was he averaging in college in his first year? 13
67%
What was his shirt number in college? 15
67%
How many points was he averaging in college in his second year? 16
67%
How many assists was he averaging in college in his first year? 2
67%
What is Kawhi Leonard shirt nuber in the every team that he has played with? 2
67%
How many bounces did the famous shot have? 4
67%
Who Kawhi and his team defeated in the 2019 finals? Golden State Warriors
67%
Who contested the famous Kawhi shot? Joel Embiid
67%
Kawhi Leonard Saved my life (type kawaii) kawaii
67%
Vs who was the famous shot? Philadelphia 76ers
67%
Who Kawhi and his team defeated in his 2019 finals run in the conference semi Finals? Philadelphia 76ers
67%
For what college was he playing? San Diego
67%
"Off to Leonard, defended by ..." Simmons
67%
On what position was Kawhi playing? Small Forward
67%
Kawhi scored one of the most famous shots in basketball history what is it called? The dagger
67%
Is he better than burner boy choker ring chaser no winning without curry Durant of Kevin? yes
67%
How many points and rebounds did he have when recording his first double-double (xx-xx) 10-13
33%
How many assists was he averaging in college in his second year? 2
33%
In which season was Kawhi averaging the most blocks in his career? 2017-2018
33%
In which season was Kawhi averaging the most rebounds in his career? 2018-2019
33%
In which season was Kawhi averaging the most assists in his career? 2020-2021
33%
In which season was Kawhi averaging the most FG% in his career? 2023-2024
33%
In which season was Kawhi averaging the most points in his career? 2025-2026
33%
In which season was Kawhi averaging the most true shooting percentage in his career? 2025-2026
33%
Kawhi Leonard playoff points career high? 45
33%
Kawhi Leonard points career high? 55
33%
How many points has he scored on his debut? 6
33%
His height (ft) 6 7
33%
vs who was his points career high? Detroit Pistons
33%
Kawhi what is that? It's a snowball
33%
What month? june
33%
Where was he born? Los Angeles
33%
Who Kawhi and his team defeated in his 2019 finals run in the conference Finals? Milwaukee Bucks
33%
Kawhi First team that he played with? San Antonio Spurs
33%
Kawhi Leonard nickname? The Klaw
33%
Kawhi Leonard was seen in the music video of what rap song? way 2 sexy
33%
How many blocks was Kawhi averaging the most? 1
0%
Kawhi Leonard assists career high? 10
0%
Real fan question ---- How many points has Kawhi scored on 17 january 2024, how much TS% did he have on 18 april 2021, how many steals did he have on 15 march 2015, and how many 30+ points games did he have in the 2025/2026 season. (multiply everything and type the answer) 110880
0%
On what date was the game played when Kawhi got the famous shot? 12 May 2019
0%
Kawhi Leonard rebounds career high? 16
0%
How many championships has he won? 2
0%
How many FMVPs does he have? 2
0%
How many steals was Kawhi averaging the most? 2
0%
How many triple doubles does Kawhi have? 2
0%
In which year has kawaiii won his first championship? 2014
0%
In which season was Kawhi averaging the most steals in his career? 2014-2015
0%
In which year kawhi averaged the most steals in the whole nba? 2014-2015
0%
In which year has kawhi won his first DPOY in? 2015
0%
In which year has kawhi won his second DPOY in? 2016
0%
When was his first All star selection? 2016
0%
Kawhi is third in the most scored points in one post season, in which season has he scored those points 2018-2019
0%
In which year has kawaiii won his second championship? 2019
0%
In which season was Kawhi averaging the most turnovers in his career? (fake stats) 2019-2020
0%
When was his last All star selection? 2026
0%
His weight (lbs) 225
0%
What was Kawhi career high in his rookie season? 24
0%
How many points did he had in his second triple double? 24
0%
When did Kawhi Leonard played his first NBA match? (exact date) 26 december 2011
0%
How many points was Kawhi averaging the most? 28
0%
On what date was his points career high? 28 december 2025
0%
What day? 29
0%
Which place hes had in 2012 ROTY race? 4
0%
How much time was left when Kawhi got the ball in the last shot of the game? 4,2
0%
How many PRA does he had in his first triple double? 44
0%
How many assists was Kawhi averaging the most? 5
0%
How much FG% was Kawhi averaging the most? 53
0%
Kawhi Leonard blocks career high? 6
0%
How much TS% was Kawhi averaging the most? 63
0%
How many games has he played in his rookie season? 64
0%
How many All star selections does kawhi leonard have? (as of 2026) 7
0%
How many rebounds was Kawhi averaging the most? 7
0%
Kawhi Leonard steals career high? 7
0%
Kawhi is third in the most scored points in one post season, how many points has he scored in this post season? 732
0%
When did Kawhi Leonard Recorded his first double-double (exact date) 8 january 2012
0%
What was the score when before Kawhi took the shot? 90:90
0%
His middle name? Anthony
0%
Kawhi Leonard shot his playoff career high 2 times against who was it second? Dallas Mavericks
0%
Kawhi Leonard was first non-center to win DPOY in consecutive seasons since who? Dennis Rodman
0%
For who he was traded on the draft night? George Hill
0%
What would you like to people know about you? (interview) I'm a fun guy
0%
Fancy some steak kawhi? indubitably
0%
His Partners Name? Kishele
0%
Who won 2012 ROTY race and why hes so much worse than kawhi? Kyrie Irving
0%
Kawhi third team that he played with? Los Angeles Clippers
0%
Against who did Kawhi played his first NBA match? Memphis Grizzlies
0%
Yall look ridiculous, especially you kawhi. - Timmy D My mom made it, opa
0%
Any words you would like to say to your chinese fans? Ni hao
0%
Against who did Kawhi recorded his first double-double Oklahoma City Thunder
0%
Who Kawhi and his team defeated in his 2019 finals run in the first round? Orlando Magic
0%
Kawhi Leonard shot his playoff career high 2 times against who was it first? Philadelphia 76ers
0%
Against who has he scored his career high in his rookie season? Portland Trail Blazers
0%
Town he was born in? Riverside
0%
With what team has he won his first championship? San Antonio Spurs
0%
What day of the week? saturday
0%
With what team has he won his second championship? Toronto Raptors
0%
Kawhi second team that he played with? Toronto Raptors
0%
No matching quizzes found
Score Distribution
Percent of People with Each Score
Percentile by Number Answered
Your Score History
You have not taken this quiz since the last reset